Statistiques concernant Les 50 ... joueurs de Rugby

Cliquez ici pour prendre le quiz!

Statistiques générales

  • Ce quiz a été pris 109 fois
  • Le résultat moyen est 28 sur 50

Statistiques - réponses

Réponse% Correct
Antoine Dupont
100%
Jonah Lomu
94%
Jonathan Sexton
92%
Jonny Wilkinson
90%
Damian Penaud
86%
Vincent Clerc
84%
Mathieu Bastareaud
83%
Thierry Dusautoir
83%
Christophe Dominici
79%
Emile Ntamack
79%
Morgan Parra
78%
Serge Blanco
78%
Daniel Carter
76%
Guilhem Guirado
74%
Faf De Klerk
73%
Owen Farrell
73%
Wesley Fofana
73%
Aaron Smith
71%
Frederic Michalak
71%
Maro Itoje
71%
Sergio Parisse
70%
Ronan O'Gara
69%
Bryan Habana
67%
Fabien Pelous
66%
Eben Etzebeth
65%
Pascal Papé
64%
Bundee Aki
63%
Richie Mccaw
63%
Raphael Ibanez
59%
Marc Lievremont
57%
Fulgence Ouedraogo
56%
Ardie Savea
55%
Manu Tuilagi
52%
Maxime Mermoz
52%
Andy Farrell
50%
Imanol Harinordoquy
47%
Ma'a Nonu
47%
Brian O'Driscoll
43%
Yannick Jauzion
41%
Fritz Lee
26%
Diego Dominguez
23%
Jannie Du Plessis
23%
Felipe Contepomi
21%
Rory Best
19%
Nic White
15%
Ayumu Goromaru
12%
Joe Van Niekerk
10%
Stephen Jones
6%
Hugo Porta
1%
Jason Leonard
1%

Distribution des résultats

Percentile par nombre de réponses

% des personnes avec chaque résultat

Votre développement - résultats

Vous n’avez pas pris ce quiz